000 01322cam a22003617a 4500
003 CHAP
005 20220329142143.0
008 000119d1994 mx r 00010 spa d
010 _a79297
011 _a80269
035 _a90718
040 _cCHAP
090 _aFolleto 15531
100 0 0 _aOrtiz Ortiz, Gilberto A.
_984039
245 0 _aProducción de leche en las regiones altas de Veracruz :
_bgrupo ganadero de validación y apoyos a la transferencia de tecnología Acatlán IV evaluación anual
_c/por Gilberto A. Ortiz Ortiz
260 _aXalapa, Ver. :
_bINIFAP. Campo Experimental Xalapa,
_c1994
300 _a18 p.
410 _aINIFAP. Campo Experimental Oaxaca
490 0 _aPublicación especial
_v; 3
590 _aBATCH-UPD
_b10
_c20130110
_lUCH01
_h1252
590 _aBATCH-UPD
_b10
_c20130410
_lUCH01
_h0814
590 _aBATCH-UPD
_b10
_c20130914
_lUCH01
_h1517
590 _aCONVERSION
_b10
_c20130109
_lUCH01
_h1344
650 1 4 _aGanado lechero
_xVeracruz.
_945306
650 1 4 _aLeche
_xProducción.
_965400
700 0 _aPiña Cárdenas, Benjamín Alfredo.
_988438
810 0 0 _aINIFAP. Campo Experimental Oaxaca
_958678
830 0 _aPublicación especial
_v; 3
_992760
901 _aBK
905 _aLilia Sánchez G.
942 _cFOLL
949 _aFolleto 15531
_bBC
_cFOLL
_d907181
_eTS1
_i90718
_sb
999 _c79297
_d79297